KSI / JJ Olatunji Quiz - Statistics

General Stats
  • This quiz has been taken 76 times
  • The average score is 8 of 15
Answer Stats
Hint Answer % Correct
Group Part of Sidemen
98%
Number of EPs 4
80%
Name of his drink Prime
80%
Person KSI's second boxing fight was against Logan Paul
76%
Person KSI's third boxing fight was against Logan Paul
76%
Year KSI hit 1,000,000 onYouTube 2012
69%
Place of Birth (City) Watford, London,United Kingdom
65%
Person KSI's first boxingfight was against Joe Weller
63%
Most watched YouTubeVideo Lamborghini(Music Video)
48%
Most viewed diss track(YouTube) Little Boy (MusicVideo)
46%
Name of Vodka CompanyOwened XIX Vodka
46%
Most played song on Spotify Holiday
44%
'JJ Olatunji' YouTube Channel Subscribers to the closest million 16,000,000
17%
'KSI' YouTube ChannelSubscribers to the closest million 24,000,000
17%
Monthly Spotify Listenersto the closest million (Sep 2022) 7,000,000
15%
No matching quizzes found
Score Distribution
Percent of People with Each Score
Percentile by Number Answered
Your Score History
You have not taken this quiz